000
00291 a2200133 4500
001
75654
040
_c
Anchieta - Colégio São Paulo
240
1
0
_a
A cabeça do santo
_l
por
245
1
0
_a
A cabeça do santo
300
_a
168
362
0
_a
2014
650
4
_a
Ficção brasileira
942
_c
BK
999
_c
75654
_d
75654